Southville International School and Colleges
Your cart is empty.
  • Cart
  • Lists
    Public lists Eva Luna New books Lux_list list_1
    Your lists Log in to create your own lists
  • Log in to your account
  • Your cookies
  • Search history
Southville International School and Colleges
  • Advanced search
  • Recent comments
  • Most popular
  • Libraries

Log in to your account

Log in with GOOGLE


If you do not have an external account, but do have a local account, you can still log in:

  1. Home
  2. MARC view: Literacy strategies for improving mathematics instruction /
Normal view MARC view ISBD view

Literacy strategies for improving mathematics instruction / (Record no. 12542)

[ view plain ]
MARC details
000 -LEADER
fixed length control field 01610cam a22003254a 4500
001 - CONTROL NUMBER
control field 13995160
003 - CONTROL NUMBER IDENTIFIER
control field OSt
005 - DATE AND TIME OF LATEST TRANSACTION
control field 20160610141050.0
008 - FIXED-LENGTH DATA ELEMENTS--GENERAL INFORMATION
fixed length control field 050608s2005 vaua b 001 0 eng
010 ## - LIBRARY OF CONGRESS CONTROL NUMBER
LC control number 2005016434
020 ## - INTERNATIONAL STANDARD BOOK NUMBER
International Standard Book Number 9781416602309 (pbk. : alk. paper)
040 ## - CATALOGING SOURCE
Original cataloging agency DLC
Transcribing agency DLC
Modifying agency DLC
042 ## - AUTHENTICATION CODE
Authentication code pcc
050 00 - LIBRARY OF CONGRESS CALL NUMBER
Classification number QA 11.2
Item number .L58 2005
082 ## - DEWEY DECIMAL CLASSIFICATION NUMBER
Classification number GLT 510.71
Item number K39 2005
100 ## - MAIN ENTRY--PERSONAL NAME
Personal name Kenney, Joan M.
9 (RLIN) 22498
245 00 - TITLE STATEMENT
Title Literacy strategies for improving mathematics instruction /
Statement of responsibility, etc Joan M. Kenney et al.
260 ## - PUBLICATION, DISTRIBUTION, ETC. (IMPRINT)
Place of publication, distribution, etc Alexandria, Va. :
Name of publisher, distributor, etc Association for Supervision and Curriculum Development,
Date of publication, distribution, etc 2005
300 ## - PHYSICAL DESCRIPTION
Extent 113 p. :
Other physical details ill. ;
Dimensions 23 cm.
504 ## - BIBLIOGRAPHY, ETC. NOTE
Bibliography, etc Includes bibliographical references and index.
505 0# - FORMATTED CONTENTS NOTE
Formatted contents note Mathematics as language / by Joan M. Kenney -- Reading in the mathematics classroom / by Diana Metsisto -- Writing in the mathematics classroom / by Cynthia L. Tuttle -- Graphic representation in the mathematics classroom / by Loretta Heuer -- Discourse in the mathematics classroom / by Euthecia Hancewicz -- Creating mathematical metis / by Joan M. Kenney.
650 #0 - SUBJECT ADDED ENTRY--TOPICAL TERM
Topical term or geographic name as entry element Mathematics
General subdivision Study and teaching.
9 (RLIN) 22499
700 1# - ADDED ENTRY--PERSONAL NAME
Personal name Kenney, Joan M.,
Dates associated with a name 1937-
9 (RLIN) 22500
710 2# - ADDED ENTRY--CORPORATE NAME
Corporate name or jurisdiction name as entry element Association for Supervision and Curriculum Development.
9 (RLIN) 149
856 41 - ELECTRONIC LOCATION AND ACCESS
Materials specified Table of contents
Uniform Resource Identifier <a href="http://www.loc.gov/catdir/toc/ecip0513/2005016434.html">http://www.loc.gov/catdir/toc/ecip0513/2005016434.html</a>
906 ## - LOCAL DATA ELEMENT F, LDF (RLIN)
a 7
b cbc
c orignew
d 1
e ecip
f 20
g y-gencatlg
942 ## - ADDED ENTRY ELEMENTS (KOHA)
Source of classification or shelving scheme Library of Congress Classification
Koha item type Books
Holdings
Withdrawn status Lost status Source of classification or shelving scheme Damaged status Home library Current library Shelving location Date acquired Source of acquisition Total Checkouts Full call number Barcode Date last seen Copy number Price effective from Koha item type
    Library of Congress Classification   Luxembourg Library Luxembourg Library Genevive Ledesma - Tan Section 10/01/2013 Donation   QA 11.2 .L58 2005 14466 10/01/2013 1 10/01/2013 Books

Literacy strategies for improving mathematics instruction /

APA

Kenney J. M., Kenney J. M. & Association for Supervision and Curriculum Development. (2005). Literacy strategies for improving mathematics instruction. Alexandria, Va: Association for Supervision and Curriculum Development.

Chicago

Kenney Joan M, Kenney Joan M and Association for Supervision and Curriculum Development. 2005. Literacy strategies for improving mathematics instruction. Alexandria, Va: Association for Supervision and Curriculum Development.

Harvard

Kenney J. M., Kenney J. M. and Association for Supervision and Curriculum Development. (2005). Literacy strategies for improving mathematics instruction. Alexandria, Va: Association for Supervision and Curriculum Development.

MLA

Kenney Joan M, Kenney Joan M and Association for Supervision and Curriculum Development. Literacy strategies for improving mathematics instruction. Alexandria, Va: Association for Supervision and Curriculum Development. 2005.

  • Place hold
  • Print
  • Cite
  • Add to your cart (remove)
  • Save record
    BIBTEX Dublin Core MARCXML MARC (non-Unicode/MARC-8) MARC (Unicode/UTF-8) MARC (Unicode/UTF-8, Standard) MODS (XML) RIS
  • More searches
    Search for this title in:
    Other Libraries (WorldCat) Other Databases (Google Scholar) Online Stores (Bookfinder.com) Open Library (openlibrary.org)

Exporting to Dublin Core...

SOUTHVILLE LIBRARY

Southville International School and Colleges Library

1281 Tropical Ave. Cor. Luxembourg St., BF Homes International, Las Pinas City

Tel. No. 8256374 / 252358 Loc. 117/146

Powered by Koha